LIBRARY & INFORMATION CENTRE, KCAET, TAVANUR

ONLINE PUBLIC ACCESS CATALOGUE (OPAC)

Major foreign powers / (Record no. 2132)

MARC details
000 -LEADER
fixed length control field 00468cam a2200181ua 4500
041 ## - LANGUAGE CODE
Language code of text/sound track or separate title eng
082 ## - DEWEY DECIMAL CLASSIFICATION NUMBER
Classification number 321.8042
Item number CAR/ MA
100 ## - MAIN ENTRY--AUTHOR NAME
Personal name Carter, Gwendolenm .
245 ## - TITLE STATEMENT
Title Major foreign powers /
250 ## - EDITION STATEMENT
Edition statement 3 /
260 ## - PUBLICATION, DISTRIBUTION, ETC. (IMPRINT)
Place of publication Newyork :
Name of publisher Harcourt Brace and company ,
Year of publication 1957.
300 ## - PHYSICAL DESCRIPTION
Number of Pages 657 ; .
700 1# - ADDED ENTRY--PERSONAL NAME
Personal name John H, Herz .
700 1# - ADDED ENTRY--PERSONAL NAME
Personal name John C, Ranney .
942 ## - ADDED ENTRY ELEMENTS (KOHA)
Koha item type Books
Holdings
Withdrawn status Lost status Damaged status Home library Current library Date acquired Full call number Accession Number Koha item type
Withdrawn     KAUAET Sanskrit University 07/04/2012 321.8042 655 Books
free website counter